LEADER 01374aam 2200397I 450 001 9910709910803321 005 20151118015317.0 024 8 $aGOVPUB-C13-a00987c3a53e20b863233410bb82891c 035 $a(CKB)5470000002475163 035 $a(OCoLC)929879259 035 $a(EXLCZ)995470000002475163 100 $a20151118d1979 ua 0 101 0 $aeng 181 $2rdacontent 182 $2rdamedia 183 $2rdacarrier 200 10$aCollaborative reference program for paper $eReport no. 57S Strength tests /$fR. G. Powell; J. Horlick 210 1$aGaithersburg, MD :$cU.S. Dept. of Commerce, National Institute of Standards and Technology,$d1979. 215 $a1 online resource 225 1 $aNBSIR ;$v79-1370 300 $a1979. 300 $aContributed record: Metadata reviewed, not verified. Some fields updated by batch processes. 300 $aTitle from PDF title page. 320 $aIncludes bibliographical references. 517 $aCollaborative reference program for paper 700 $aPowell$b R. G$01386938 701 $aHorlick$b J$01386491 701 $aPowell$b R. G$01386938 712 02$aUnited States.$bNational Bureau of Standards. 801 0$bNBS 801 1$bNBS 801 2$bGPO 906 $aBOOK 912 $a9910709910803321 996 $aCollaborative reference program for paper$93441856 997 $aUNINA LEADER 01991nam 2200529I 450 001 9910707116103321 005 20160601155159.0 035 $a(CKB)5470000002462340 035 $a(OCoLC)950980762 035 $a(EXLCZ)995470000002462340 100 $a20160601j201601 ua 0 101 0 $aeng 135 $aurcn||||||||| 181 $ctxt$2rdacontent 182 $cc$2rdamedia 183 $acr$2rdacarrier 200 10$aComparison of NACA 0012 laminar flow solutions: structured and unstructured grid methods /$fR.C. Swanson, S. Langer 210 1$a[Hampton, VA] :$cNational Aeronautics and Space Administration, Langley Research Center,$dJanuary 2016. 215 $a1 online resource (56 pages) $ccolor illustrations 225 1 $aNASA/TM ;$v2016-219003 300 $aTitle from title screen (viewed on June 1, 2016). 300 $a"January 2016." 300 $a"Performing organization: NASA Langley Research Center, Hampton, VA"--Report documentation page. 320 $aIncludes bibliographical references (pages 25-27). 517 $aComparison of NACA 0012 laminar flow solutions 606 $aCompressible flow$2nasat 606 $aComputational fluid dynamics$2nasat 606 $aComputational geometry$2nasat 606 $aLaminar flow$2nasat 606 $aNavier-Stokes equation$2nasat 606 $aSteady state$2nasat 615 7$aCompressible flow. 615 7$aComputational fluid dynamics. 615 7$aComputational geometry. 615 7$aLaminar flow. 615 7$aNavier-Stokes equation. 615 7$aSteady state. 700 $aSwanson$b R. Charles$01401804 702 $aLanger$b S. 712 02$aLangley Research Center, 712 02$aUnited States.$bNational Aeronautics and Space Administration, 801 0$bGPO 801 1$bGPO 906 $aBOOK 912 $a9910707116103321 996 $aComparison of NACA 0012 laminar flow solutions: structured and unstructured grid methods$93477237 997 $aUNINA